00396nam a2200109Ia 4500008004100000245015200041260004900193260000900242300001000251500000900261650001600270170224s9999 xx 000 0 und d 4aThe far-reaching effects of believing people can change: Implicit theories of personality shape stress, health, and achievement during adolescence. bJournal of Personality and Social Psychology c2014 a106:6 aJune xPsychology.